1653 1642 1336 1860 1735 1316 1621 1201 1296 1103 1809 1698 1267 1848 1873 1167 1415 1260 1036 1147 1657 1718 1247 1334 1644 1805 1214 1304 1783 1698 1092 1181 1674 1258 1562 1482 1869 1498 1118 1660 1269 1214 1967 1966 1671 1405 1529 1270 1028 1915 1935 1810 1596 1920 1139 1476 1043 1894 1209 1760 1523 1645 1752 1256 1444 1370 1567 1182 1488 1878 1682 1037 1044 1737 1790 1135 1662 1366 1695 1192 1792 1518 1743 1521 1803 1859 1753 1210 1827 1050 1443 1930 1966 1518 1918 1799 1273 1067 1017 BCNSPRNW ULIB Ver.6.0+V

เปลี่ยนเป็นภาษาไทย

Change to English
 แสดงรายละเอียดบรรณานุกรม
  กลับหน้าหลัก

Brief Record : Get Marc (ISO 2709) : E-mail record : QR code < ปิดหน้าต่าง
LEADER : 00000nam 2200000uu 4500
001    13399122852
003     ULIB
008    131022s2555||||th 000 0 tha d
020    ^a9789742473716
050  4 ^aDS520^bป526ร
100    ^aปัณณภัทร
245    ^aเราคืออาเซียน-- มาเลเซีย /^cปัณณภัทร
250    ^aพิมพ์ครั้งที่ 4
260    ^aกรุงเทพฯ :^bอมรินทร์คอมมิกส์,^c2555
300    ^a61 หน้า
440  0 ^aชุด เราคืออาเซียน
650  7 ^aประชาคมอาเซียน
650  7 ^aอาเซียน
650  7 ^aมาเลเซีย
945    ^p75^l0^i034074
999    ^aทศพร
รายการนี้ยังไม่มีแท็ก
คุณยังไม่ได้ล็อกอิน คุณสามารถมีกิจกรรมร่วมกับเว็บไซต์ได้ แต่ต้องล็อกอินก่อน ::
  ล็อกอิน

รายการสื่อสารสนเทศ

ลำดับที่ ประเภท เลขเรียก/บาร์โค้ด สถานที่ สถานะ
1. การศึกษาทั่วไป
หนังสือสำรอง
สถานะ=หนังสือสำรอง
DS520 ป526ร ฉ.1 
  Barcode: 034074
ห้องสมุดวิทยาเขตสวรรค์ประชารักษ์
►หนังสือทั่วไป
บนชั้น

รายการใกล้เคียง
    ผู้แต่ง [ปัณณภัทร]

    หัวเรื่อง [ประชาคมอาเซียน]
    หัวเรื่อง [อาเซียน]
    หัวเรื่อง [มาเลเซีย]

BibComment


ยังไม่เคยถูกคอมเมนท์

คอมเมนท์ทรัพยากรรายการนี้
  คอมเมนท์: เราคืออาเซียน มา..


 Copyright 2026. Bcnsprnw @Library